| 000 | 00566nam a22001817a 4500 | ||
|---|---|---|---|
| 999 |
_c6704 _d6704 |
||
| 003 | AR-CdUCM | ||
| 008 | 190319b ||||| |||| 00| 0 spa d | ||
| 040 |
_aMUNICIPALIDAD PROVINCIAL DEL CUSCO _cBIBLIOTECA MUNICIPAL DEL CUSCO |
||
| 082 |
_28ed. _a082 / _bSH47R |
||
| 100 |
_aShakespeare, William _91013 |
||
| 245 | _aRomeo y Julieta ; La fierecilla domada / | ||
| 260 |
_aLima : _bUniverso, _c1981. |
||
| 300 |
_a221 páginas ; _c17 cm. |
||
| 440 |
_aSelección autores clásicos _n27 _918865 |
||
| 650 |
_aTeatro inglés _91016 |
||
| 942 |
_2ddc _cLIBROS |
||
| 945 | _aafb | ||